000 00243nam a2200109Ia 4500
008 190216s9999||||xx |||||||||||||| ||und||
100 _aJohn Maequarie
245 0 _aExistentialism
260 _bPenguin Books
650 _aEnglish
942 _cBK
999 _c13352
_d13352